|
|
|
|
| LEADER |
00000nam2a2200000 4500 |
| 001 |
371353 |
| 005 |
20231102012353.0 |
| 035 |
|
|
|a (RuTPU)RU\TPU\retro\28763
|
| 090 |
|
|
|a 371353
|
| 100 |
|
|
|a 20221013d1978 km y0rusy50 ca
|
| 101 |
0 |
|
|a rus
|
| 102 |
|
|
|a RU
|
| 105 |
|
|
|a a z 001zy
|
| 200 |
0 |
|
|a Т. 1 : Магматизм и постмагматические преобразования
|
| 210 |
|
|
|d 1978
|
| 215 |
|
|
|a 228 с.
|c ил.
|e 2 л. карт
|
| 320 |
|
|
|a Библиогр.: с. 216-226
|
| 461 |
|
1 |
|0 (RuTPU)RU\TPU\retro\28761
|t Минералогия Хибинского массива
|f Академия наук СССР, Институт геологии рудных месторождений, петрографии, минералогии и геохимии
|v Т. 1 : Магматизм и постмагматические преобразования
|d 1978
|
| 606 |
1 |
|
|a Минералогия
|2 stltpush
|3 (RuTPU)RU\TPU\subj\43907
|9 63333
|
| 606 |
1 |
|
|a Магматизм
|2 stltpush
|3 (RuTPU)RU\TPU\subj\40702
|9 60544
|
| 610 |
1 |
|
|a Хибинский массив
|
| 610 |
1 |
|
|a геологическое строение
|
| 610 |
1 |
|
|a апатитовые месторождения
|
| 610 |
1 |
|
|a апатит
|
| 610 |
1 |
|
|a минеральный состав
|
| 610 |
1 |
|
|a пегматиты
|
| 610 |
1 |
|
|a гидротермальные образования
|
| 610 |
1 |
|
|a нефелиновые сиениты
|
| 610 |
1 |
|
|a мельтейгит-уртиты
|
| 610 |
1 |
|
|a апатит-нефелиновые руды
|
| 610 |
1 |
|
|a минералообразующие процессы
|
| 610 |
1 |
|
|a температура
|
| 675 |
|
|
|a 549
|v 4
|
| 675 |
|
|
|a 552.11
|v 4
|
| 801 |
|
1 |
|a RU
|b 63413507
|c 20221013
|
| 942 |
|
|
|c BK
|